000 00609cam a2200229 a 4500
001 3787788
005 20171215042449.0
008 841114s1985 nyu b 001 0 eng c
010 _a 84023650
020 _a0826139000
040 _aDNLM/DLC
_cDLC
_dDLC
041 _aeng
060 _aWA 30 I613
080 _a616.98 BLU
082 0 0 _a616.98 BLU
_219
100 _a9
101 _aMJE
245 0 0 _aIntroduction to environmental health /
_cDaniel S. Blumenthal, editor.
504 _aIncludes bibliographies and index.
906 _a7
_bcbc
_corignew
_d1
_eocip
_f19
_gy-gencatlg
942 _2ddc
_cBK
999 _c38981
_d38981